Sports Quiz

Random Sports Quiz

Brewer Career WAR Leaders Quiz Stats

 Plays Quiz not verified by Sporcle

Score 0/50 Timer 10:00
0 Plays Today
Hitter/Pitcher Player % Correct
HitterRobin Yount
98.1%
HitterPrince Fielder
97.2%
HitterRyan Braun
94.7%
HitterPaul Molitor
94.4%
PitcherBen Sheets
86.9%
HitterCecil Cooper
81.9%
PitcherRollie Fingers
72.5%
HitterGorman Thomas
70.3%
PitcherTeddy Higuera
69.4%
HitterGeoff Jenkins
67.2%
PitcherYovani Gallardo
65.9%
HitterJim Gantner
65.6%
HitterCorey Hart
65.6%
HitterRichie Sexson
60.9%
HitterBen Oglivie
53.8%
HitterJeromy Burnitz
50.9%
PitcherMike Caldwell
48.1%
HitterJeff Cirillo
46.3%
HitterGreg Vaughn
44.7%
PitcherCal Eldred
42.5%
PitcherDan Plesac
41.3%
HitterB.J. Surhoff
41.3%
PitcherDoug Davis
40.6%
PitcherChris Bosio
39.4%
PitcherBill Wegman
39.1%
Hitter/Pitcher Player % Correct
PitcherChris Capuano
39.1%
HitterDon Money
39.1%
PitcherJim Slaton
36.3%
HitterSixto Lezcano
35.6%
HitterGeorge Scott
33.4%
PitcherMoose Haas
32.2%
HitterDave Nilsson
29.7%
PitcherJaime Navarro
28.4%
PitcherRicky Bones
25%
HitterKevin Seitzer
23.4%
HitterJose Valentin
22.8%
HitterDarryl Hamilton
22.2%
PitcherBob Wickman
21.3%
HitterDarrell Porter
19.4%
PitcherBen McDonald
16.6%
PitcherChuck Crim
16.3%
PitcherMike Fetters
15.9%
PitcherScott Karl
14.7%
PitcherBill Travers
14.1%
HitterDave May
13.1%
PitcherKen Sanders
9.7%
PitcherLary Sorensen
8.8%
PitcherJim Colborn
8.1%
HitterJohn Briggs
8.1%
PitcherMarty Pattin
5.3%

You're not logged in!

Compare scores with friends on all Sporcle quizzes.
OR
Log In

Show Comments

Extras

Top Quizzes Today


Score Distribution

Your Account Isn't Verified!

In order to create a playlist on Sporcle, you need to verify the email address you used during registration. Go to your Sporcle Settings to finish the process.

Report this User

Report this user for behavior that violates our Community Guidelines.

Details: